000 00416 a2200121 4500
001 ART_59940
005 20260410162010.0
008 260409a
245 1 0 _aLa morigeración del daño. Su novedad en el código civil y comercial de la nación
100 1 _aFossaceca, Carlos Alberto (h)
700 1 _aMoreyra, Pilar
773 0 _tTemas de derecho civil
_g- Año 9, N° 12 (dic. 2023)
_wREV34778
999 _c32122
_d32122